000 00352nam a2200109Ia 4500
008 160909s9999 xx 000 0 und d
100 _aAste, Julie A.
245 _aChronic Pain and Stigma A Literature Review
260 _bUnion Institute and University.
_c2016
650 _aNursing
856 _uhttp://pqdtopen.proquest.com/doc/1801982335.html?FMT=ABS
999 _c303963
_d303963